000 00488nam a2200157 a 4500
001 000030270
005 20200930060203.0
008 110505s1991 dr a 000 0 spa d
040 _aDO-SdBNP
_bspa
_cBNPHU
082 _axxx
_bI43a
245 0 0 _aInforme anual 1991 /
_cpresentación José Miguel Bonetti B.
260 _aSanto Domingo :
_bFundación de Desarrollo Agropecuario,
_c[1991?].
300 _a34 p. :
_bil. ;
_c28 cm.
700 1 _aBonetti B., José Miguel
_956945
049 _aBNPD
999 _c29762
_d29762